SOFTWARE ENGINEERING AN ENGINEERING APPR (Record no. 1377)

MARC details
000 -LEADER
fixed length control field 00332nam a2200133Ia 4500
008 - FIXED-LENGTH DATA ELEMENTS--GENERAL INFORMATION
fixed length control field 240624s9999 xx 000 0 und d
041 ## - LANGUAGE CODE
Language code of text/sound track or separate title eng
082 ## - DEWEY DECIMAL CLASSIFICATION NUMBER
Classification number 005.1 PET
100 ## - MAIN ENTRY--PERSONAL NAME
Personal name PETERS JAMES F
245 ## - TITLE STATEMENT
Title SOFTWARE ENGINEERING AN ENGINEERING APPR
260 ## - PUBLICATION, DISTRIBUTION, ETC.
Date of publication, distribution, etc. 2004
Place of publication, distribution, etc. Singapore
Name of publisher, distributor, etc. John Wiley
300 ## - PHYSICAL DESCRIPTION
Extent xviii, : 702
365 ## - TRADE PRICE
Currency code RS
Holdings
Withdrawn status Lost status Damaged status Not for loan Home library Current library Shelving location Date acquired Source of acquisition Cost, normal purchase price Full call number Barcode Date last seen Copy number Price effective from Koha item type
        IMTN IMTN Rack 2-A 11/27/2004 JBD 413.10 005.1 PET 1377 06/24/2024 1 06/24/2024 Books
Designed & Maintained by: LRC IMT Nagpur Contact: lrc@imtnag.ac.in© 2024. All Rights Reserved.